| 000 | 01762nam1a2200325 i 4500 | ||
|---|---|---|---|
| 001 | RU\NLR\bibl\1700994 | ||
| 005 | 20260409072408.0 | ||
| 035 | _a(NLR Aleph) 001692073 | ||
| 090 |
_a1167085 _c1167085 |
||
| 100 | _a20101117d2009 k y0rusy50 ca | ||
| 101 | 0 |
_arus _aeng _deng |
|
| 102 | _aRU | ||
| 105 | _a||||z ||||| | ||
| 200 | 1 |
_aОбразование и глобализация _dEducation and globalization _eматериалы Третьей Байкальской международной научной конференции, 1-4 июля 2009 года _e[ в 2 ч. _fредкол.: С.В. Калмыков, д.п.н., проф., чл.-кор. РАО и др.] _zeng |
|
| 210 |
_aУлан-Удэ _cИзд-во Бурятского государственного университета _d2009 |
||
| 215 | _d29 | ||
| 300 | _aВ надзаг.: Федер. агентство по образованию, Бурят. гос. ун-т | ||
| 463 | 0 | _10011445064 | |
| 463 | 0 | _10011440357 | |
| 510 | 1 |
_aEducation and globalization _zeng |
|
| 606 |
_aОбразование _jСъезды, совещания и т.п. _3RU\NLR\auth\661010307 _91614809 |
||
| 686 | _aЧ34(0)я431 | ||
| 702 | 1 |
_4340 _8rus _7ca _aКалмыков _bС. В. _f1950- _gСтепан Владимирович _3RU\NLR\auth\7719295 _92367 |
|
| 711 | 1 | 2 |
_a"Образование и глобализация", байкальская международная научная конференция _d3 _f2009 _eУлан-Удэ _3RU\NLR\AUTH\8810140480 _9775962 |
| 801 | 0 |
_aRU _bNLR _c20101117 _gRCR |
|
| 801 | 1 |
_aRU _bNLR _c20101117 |
|
| 852 |
_aNLR _j2009-8/3226 |
||
| 942 | _cBOOK | ||